[Event "Varazdinske Toplice op"]
[Site "Varazdinske Toplice"]
[Date "2022.12.26"]
[Round "1"]
[White "Sprem, Antonio"]
[Black "Premuzic, Zoran"]
[Result "0-1"]
[WhiteElo "1435"]
[BlackElo "1943"]
[PlyCount "68"]
[EventDate "2022.12.26"]
[EventType "swiss"]
[EventRounds "9"]
[EventCountry "CRO"]
[SourceTitle "CBM 211 Extra"]
[Source "ChessBase"]
[SourceDate "2023.01.31"]
[SourceVersion "1"]
[SourceVersionDate "2023.01.31"]
[SourceQuality "1"]

1. d4 Nf6 2. c4 e6 3. Nf3 b6 4. Nc3 Bb7 5. Bg5 Bb4 6. e3 0-0 7. Bd3 d5 8. a3 Be7 9. cxd5 exd5 10. 0-0 Nbd7 11. Qc2 h6 12. Bh4 Re8 13. Rac1 c5 14. Bg3 c4 15. Be2 a6 16. Ne5 b5 17. b4 Ne4 18. Nxd7 Qxd7 19. Bf3 Bd6 20. Bxd6 Qxd6 21. Nxe4 dxe4 22. Be2 Bd5 23. Qc3 f5 24. f3 Re7 25. fxe4 Bxe4 26. Bf3 Bd3 27. Rf2 Rxe3 28. Bxa8 f4 29. Re1 Qe7 30. Bd5+ Kh8 31. Rxe3 Qxe3 32. Qd2 Qxd4 33. Bf3 c3 34. Qxf4 Qxf4 0-1

[Event "CRO Topla Voda Cup"]
[Site "Tuhovec"]
[Date "2022.08.06"]
[Round "5.1"]
[White "Kolednjak, Tomislav"]
[Black "Sprem, Antonio"]
[Result "1-0"]
[WhiteElo "1982"]
[BlackElo "1439"]
[PlyCount "45"]
[EventDate "2022.08.06"]
[EventType "team-tourn (blitz)"]
[EventRounds "11"]
[EventCountry "CRO"]
[SourceTitle "CBM 209 Extra"]
[Source "ChessBase"]
[SourceDate "2022.09.30"]
[SourceVersion "1"]
[SourceVersionDate "2022.09.30"]
[SourceQuality "1"]
[WhiteTeam "Mace Gaj CC"]
[BlackTeam "Ivanec"]
[WhiteTeamCountry "CRO"]
[BlackTeamCountry "CRO"]

1. e4 c5 2. c3 Nf6 3. e5 Nd5 4. Nf3 Nc6 5. Bc4 e6 6. d4 cxd4 7. cxd4 d6 8. exd6 Bxd6 9. 0-0 0-0 10. Nc3 Nb6 11. Bd3 Bc7 12. Bxh7+ Kxh7 13. Ng5+ Kg8 14. Qh5 Re8 15. Qxf7+ Kh8 16. Qh5+ Kg8 17. Qh7+ Kf8 18. Qh8+ Ke7 19. Qxg7+ Kd6 20. Nb5+ Kd5 21. Nxc7+ Kd6 22. Bf4+ e5 23. Ne4# 1-0

[Event "CRO Topla Voda Cup"]
[Site "Tuhovec"]
[Date "2022.08.06"]
[Round "2.1"]
[White "Sprem, Antonio"]
[Black "Kutle, Silvije"]
[Result "0-1"]
[WhiteElo "1439"]
[BlackElo "1832"]
[PlyCount "50"]
[EventDate "2022.08.06"]
[EventType "team-tourn (blitz)"]
[EventRounds "11"]
[EventCountry "CRO"]
[SourceTitle "CBM 209 Extra"]
[Source "ChessBase"]
[SourceDate "2022.09.30"]
[SourceVersion "1"]
[SourceVersionDate "2022.09.30"]
[SourceQuality "1"]
[WhiteTeam "Ivanec"]
[BlackTeam "Ludbreg"]
[WhiteTeamCountry "CRO"]
[BlackTeamCountry "CRO"]

1. d4 c5 2. d5 b5 3. e4 a6 4. a4 b4 5. c3 bxc3 6. Nxc3 d6 7. Nf3 g6 8. Bd3 Bg7 9. 0-0 Nf6 10. Bd2 0-0 11. Qb3 Nbd7 12. Rfc1 Ng4 13. h3 Nge5 14. Nxe5 Nxe5 15. Ne2 a5 16. Bb5 Bd7 17. Bc3 Rb8 18. Bxe5 Bxe5 19. Nc3 f5 20. f3 Qb6 21. Qc2 fxe4 22. fxe4 c4+ 23. Kh1 Rf2 24. Qd1 Bxh3 25. gxh3 Rh2# 0-1

[Event "CRO Topla Voda Cup"]
[Site "Tuhovec"]
[Date "2022.08.06"]
[Round "8.1"]
[White "Sprem, Antonio"]
[Black "Vernacki, Srdjan"]
[Result "0-1"]
[WhiteElo "1439"]
[BlackElo "2233"]
[PlyCount "74"]
[EventDate "2022.08.06"]
[EventType "team-tourn (blitz)"]
[EventRounds "11"]
[EventCountry "CRO"]
[SourceTitle "CBM 209 Extra"]
[Source "ChessBase"]
[SourceDate "2022.09.30"]
[SourceVersion "1"]
[SourceVersionDate "2022.09.30"]
[SourceQuality "1"]
[WhiteTeam "Ivanec"]
[BlackTeam "Strigova Stridon"]
[WhiteTeamCountry "CRO"]
[BlackTeamCountry "CRO"]

1. d4 Nf6 2. c4 c5 3. d5 e6 4. Nc3 d6 5. e4 g6 6. Nf3 Bg7 7. Be2 exd5 8. cxd5 0-0 9. 0-0 Bg4 10. h3 Bxf3 11. Bxf3 a6 12. a4 Nbd7 13. Bd2 Rb8 14. Be2 Re8 15. f3 Qc7 16. Qc2 c4 17. Na2 b5 18. axb5 axb5 19. Nb4 Nc5 20. Na6 Nxa6 21. Rxa6 Rb6 22. Rfa1 Nd7 23. Bc3 Qc5+ 24. Kf1 Rc8 25. Bxg7 Kxg7 26. Rxb6 Nxb6 27. Qc3+ Kg8 28. b3 b4 29. Qc2 c3 30. Bd3 Nd7 31. Ra6 Ne5 32. Ke2 Qg1 33. g4 Qg2+ 34. Ke3 Qxf3+ 35. Kd4 Nxd3 36. Qxd3 Qxd3+ 37. Kxd3 c2 0-1